LEADER 01071nam a2200277 4500 001 000000351983 003 CaOOAMICUS 005 20221114113745.0 008 221024s2014 it 000 u ita r 020 $a978-88-6621-345-1 040 $aSeMil$bita 100 1 $aMcEwan, Ian,$d<1948- >.$0(OLS)http://semarc/name/54074 240 10$aSweet tooth.$0(OLS)http://semarc/title/441791 245 10$aMiele /$cIan McEwan ; traduzione di Maurizia Balmelli. 264 1$aTorino :$bEinaudi,$c2014. 300 $a351 p. ;$c22 cm 490 1 $aNumeri primi 700 1 $aBalmelli, Maurizia.$0(OLS)http://semarc/name/116692 830 0$aNumeri primi.$0(OLS)http://semarc/title/401117 850 $aSeMil 852 $aSeMil$W1$xVenegono$y1$m1V VI 243$j235626$B243173$CSeMilBibl$Z2$F243173 $81 961 $aPerego don Stefano - Omaggio 996 $6020$a978-88-6621-345-1$9(OLS)http://semarc/number/297000 996 $6245$aMiele$9(OLS)http://semarc/title/441790 996 $6264$aTorino :$bEinaudi$9(OLS)http://semarc/publisher/29884 LEADER 01678nas a2200253 i 4500 001 000000215260 003 CaOOAMICUS 005 20120816000000.0 008 111205b2011 it uu s u0 0ita r 013 $a194132 040 $aSeMil$bita 240 10$aScritti di Padre Vismara ; Beatificazione ; Interviste ; Galleria fotografica ; Inserto di Mondo e Missione, speciale beatificazione di Padre Vismara [pp. 35-66, N. 6/Giugno-Luglio 2011].$0(OLS)http://semarc/title/309952 245 10$aBeato Clemente Vismara, 1897-1988 :$buna vita non basta. 260 $a[S.l.] :$bProduzione PIMEdit,$c[2011]$e(Torino :$fNOVA-T ,$g[2011]) 300 $a1 DVD video (160 min) ;$cin custodia, 13x13 cm. 500 $aLingue : italiano, inglese. - Titolo dell'etichetta. - In etichetta : Si ringrazia Fondazione PIME ONLUS, Missionari dal 1850. - Contenuti extra : Scritti di Padre Vismara ; Beatificazione ; Interviste ; Galleria fotografica ; Inserto di Mondo e Missione, speciale beatificazione di Padre Vismara [pp. 35-66, N. 6/Giugno-Luglio 2011]. - Allegato redazionale al N. 10/2011. 650 4$aVismara, Clemente .$0(OLS)http://semarc/subject/8230 700 1 $aFondazione PIME .$0(OLS)http://semarc/name/76423 700 1 $aVismara, Clemente,$c.$0(OLS)http://semarc/name/49075 850 $aSeMil 852 $aSeMil$W1$xVenegono$y1$m200 6 21/B DVD$j165681$B165681$CSeMilBibl$Z2$F176650 $85 961 $aCambio: Scuola Cattolica 996 $6245$aBeato Clemente Vismara, 1897-1988 :$buna vita non basta$9(OLS)http://semarc/title/309951 996 $6260$a[S.l.] :$bProduzione PIMEdit$9(OLS)http://semarc/publisher/52898 LEADER 01028nam a2200241 i 4500 001 000000119729 003 CaOOAMICUS 005 20031104000000.0 008 031104s1982 it u000 u ita u 013 $a92423 040 $aSeMil$bita 100 1 $aVismara, Clemente,$c.$0(OLS)http://semarc/name/49075 245 13$aIl bosco delle perle :$b60 anni di missione in Birmania /$cClemente Vismara. 260 $aBologna :$bEMI,$c1982. 300 $a191 p. :$bill. ;$c20 cm. 500 $aIn preliminari : Dedica autografa al Card. C.M. Martini. - Fondo Card. C.M. Martini. 650 4$aVismara, Clemente .$0(OLS)http://semarc/subject/8230 850 $aSeMil 852 $aSeMil$W1$xVenegono$y1$m3J I 48$j74936$B74936$CSeMilBibl$Z2$F85914 $81 941 1 $a4 961 $aOmaggio: Martini Card. Carlo Maria 996 $6245$aIl bosco delle perle :$b60 anni di missione in Birmania$9(OLS)http://semarc/title/176040 996 $6260$aBologna :$bEMI$9(OLS)http://semarc/publisher/29618